|
|
|
|
| LEADER |
00000nam2a2200000 4500 |
| 001 |
100143 |
| 005 |
20231101214308.0 |
| 010 |
|
|
|a 5705001773
|
| 020 |
|
|
|a RU
|b 90-62343
|
| 035 |
|
|
|a (RuTPU)RU\TPU\book\107723
|
| 090 |
|
|
|a 100143
|
| 100 |
|
|
|a 20060815g1990 km y0rusy5003 ca
|
| 101 |
0 |
|
|a rus
|
| 102 |
|
|
|a RU
|
| 105 |
|
|
|a a z 000zy
|
| 200 |
0 |
|
|a Книга 1
|
| 210 |
|
|
|d 1990
|
| 215 |
|
|
|d 22 см
|e (ил.)
|a 8 с.
|
| 461 |
|
1 |
|0 (RuTPU)RU\TPU\book\107724
|t Справочное пособие для работников метрологических служб
|o в 2 кн.
|f Б. Г. Артемьев, С. М. Голубев
|v Книга 1
|e 3-е изд., перераб. и доп.
|d 1990-
|
| 606 |
|
|
|a Метрология
|2 stltpush
|3 (RuTPU)RU\TPU\subj\43497
|9 62988
|
| 610 |
1 |
|
|a справочники
|
| 610 |
1 |
|
|a понятия
|
| 610 |
1 |
|
|a измерения
|
| 610 |
1 |
|
|a виды
|
| 610 |
1 |
|
|a методы
|
| 610 |
1 |
|
|a погрешности измерения
|
| 610 |
1 |
|
|a метрологическая служба
|
| 610 |
1 |
|
|a поверочные схемы
|
| 610 |
1 |
|
|a техника безопасности
|
| 610 |
1 |
|
|a правила
|
| 675 |
|
|
|a 621:53.08(035)
|z rus
|
| 801 |
|
0 |
|a RU
|b RuMRKP
|c 19950417
|g psbo
|
| 801 |
|
1 |
|a RU
|b 63413507
|c 20060815
|g PSBO
|
| 801 |
|
2 |
|a RU
|b 63413507
|c 20181211
|g PSBO
|
| 942 |
|
|
|c BK
|